[Event "V Festival A"]
[Site "Campobasso ITA"]
[Date "1998.09.12"]
[Round "4"]
[White "Rotstein, Arkadij"]
[Black "Ciolac, Gheorghe"]
[Result "1/2-1/2"]
[WhiteElo "2515"]
[BlackElo "2375"]
[PlyCount "90"]
[EventDate "1998.09.11"]

1. Nf3 Nf6 2. c4 e6 3. g3 d5 4. b3 Be7 5. Bg2 c5 6. O-O Nc6 7. e3 O-O 8. Bb2 b6
9. Nc3 dxc4 10. bxc4 Bb7 11. Qe2 Rc8 12. Rfd1 Na5 13. d3 Nd7 14. Rab1 Qc7 15.
Nd2 Bxg2 16. Kxg2 Qb7+ 17. Qf3 Nc6 18. Ne2 Qc7 19. Nf4 Nce5 20. Qe2 Qc6+ 21.
Kg1 Rfe8 22. Nh5 Bf8 23. f4 Ng6 24. Qg2 f5 25. g4 Qxg2+ 26. Kxg2 fxg4 27. Kg3
e5 28. f5 Ne7 29. Kxg4 Nxf5 30. Kxf5 g6+ 31. Ke4 gxh5 32. Rg1+ Kf7 33. Nf3 Bg7
34. Ng5+ Kg8 35. Rbf1 Nf6+ 36. Kf3 Ng4 37. Ke2 Nxh2 38. Rf5 Ng4 39. Ne4 Rc6 40.
Rxh5 Rg6 41. Rgh1 Nf6 42. Nxf6+ Bxf6 43. R1h2 Re7 44. Rf5 Bg7 45. e4 Rf7
1/2-1/2

[Event "V Festival A"]
[Site "Campobasso ITA"]
[Date "1998.09.12"]
[Round "4"]
[White "Safranska, Anda"]
[Black "Voiska, Margarita"]
[Result "1/2-1/2"]
[WhiteElo "2275"]
[BlackElo "2350"]
[PlyCount "86"]
[EventDate "1998.09.11"]

1. e4 g6 2. d4 Bg7 3. g3 d6 4. Bg2 Nf6 5. Ne2 O-O 6. O-O e5 7. h3 Nc6 8. d5 Nb8
9. c4 Nbd7 10. Nbc3 Ne8 11. Be3 f5 12. exf5 gxf5 13. f4 e4 14. b4 a5 15. a3
axb4 16. axb4 Rxa1 17. Qxa1 c5 18. dxc6 bxc6 19. Rd1 Qc7 20. Qa2 Ndf6 21. Nd4
Nh5 22. Kh2 Bf6 23. Nce2 Kh8 24. c5 dxc5 25. bxc5 Rg8 26. Rg1 Qd7 27. Qa4 Nc7
28. Qxc6 Qf7 29. Nb5 Nxb5 30. Qxb5 Be6 31. Rc1 Nxg3 32. Nxg3 Qg7 33. Bf2 Bh4
34. Kh1 Bxg3 35. Bxg3 Qxg3 36. Qb2+ Qg7 37. Qxg7+ Kxg7 38. Kg1 Kf6 39. Kf2 Ra8
40. Rc2 Ke7 41. Bf1 Ra3 42. Kg2 Kd7 43. Rd2+ Kc7 1/2-1/2

[Event "V Festival A"]
[Site "Campobasso ITA"]
[Date "1998.09.12"]
[Round "4"]
[White "Tonelli, Claudio"]
[Black "Castrogiovanni, Carlo"]
[Result "0-1"]
[WhiteElo "1746"]
[BlackElo "2045"]
[PlyCount "100"]
[EventDate "1998.09.11"]

1. d4 Nf6 2. Nf3 c5 3. c3 e6 4. Bg5 d5 5. e3 b6 6. Nbd2 Be7 7. Bd3 h6 8. Bh4
O-O 9. Qe2 a5 10. Ne5 Qc7 11. f4 Bb7 12. O-O Ne4 13. Bxe7 Qxe7 14. Ndf3 Nd7 15.
Bb5 Nxe5 16. Nxe5 Rfd8 17. f5 f6 18. Ng6 Qf7 19. g4 exf5 20. gxf5 Bc8 21. Qg4
Kh7 22. Bc6 Ra7 23. Nf4 Bb7 24. Bxb7 Rxb7 25. Ne6 Rg8 26. Kh1 g6 27. Qf4 g5 28.
Qg4 c4 29. Rac1 h5 30. Qe2 Rh8 31. Rg1 h4 32. Rg4 Qh5 33. Rcg1 Rg8 34. Qf3 Kh8
35. R1g2 Rh7 36. Nf4 Qf7 37. Ng6+ Rxg6 38. fxg6 Qxg6 39. Rf4 Ng3+ 40. Rxg3 hxg3
41. Rf5 Rxh2+ 42. Kg1 Rf2 43. Qh1+ Qh7 44. Qxh7+ Kxh7 45. Rxf2 gxf2+ 46. Kxf2
f5 47. a4 Kg6 48. Kg3 Kf6 49. Kf3 Ke6 50. Kg3 Kd6 0-1

[Event "V Festival A"]
[Site "Campobasso ITA"]
[Date "1998.09.12"]
[Round "4"]
[White "Zimina, Olga"]
[Black "Goller, Savino"]
[Result "1-0"]
[WhiteElo "2200"]
[BlackElo "1705"]
[PlyCount "75"]
[EventDate "1998.09.11"]

1. e4 e6 2. d4 d5 3. Nd2 Nf6 4. e5 Nfd7 5. Bd3 c5 6. c3 Nc6 7. Ne2 Qb6 8. Nf3
cxd4 9. cxd4 Bb4+ 10. Bd2 Bxd2+ 11. Qxd2 f6 12. exf6 Nxf6 13. O-O Bd7 14. Nc3
O-O 15. Rac1 Rac8 16. Bb1 Na5 17. b3 Nc6 18. Na4 Qc7 19. Nc5 Ng4 20. Qg5 Rxf3
21. Qxg4 Rf6 22. Rc3 Rh6 23. Rg3 g6 24. Qg5 Rh5 25. Qxh5 Qxg3 26. fxg3 gxh5 27.
Nxd7 Nxd4 28. Nf6+ Kg7 29. Nxh5+ Kh6 30. g4 Ne2+ 31. Kf2 Nc3 32. Bd3 Nxa2 33.
Kg3 Rg8 34. Rf6+ Rg6 35. Bxg6 hxg6 36. Nf4 Nc3 37. Rxg6+ Kh7 38. Rxe6 1-0

[Event "V Festival A"]
[Site "Campobasso ITA"]
[Date "1998.09.13"]
[Round "5"]
[White "Campanile, Antonio"]
[Black "Martorelli, Antonio"]
[Result "1-0"]
[WhiteElo "2155"]
[BlackElo "2380"]
[PlyCount "73"]
[EventDate "1998.09.11"]

1. f4 d5 2. Nf3 h5 3. d3 Nc6 4. e3 Nh6 5. d4 Bg4 6. Be2 e6 7. O-O Nf5 8. c3 Bd6
9. Ng5 f6 10. e4 fxg5 11. exf5 gxf4 12. Bxg4 hxg4 13. Qxg4 O-O 14. fxe6 Qf6 15.
Na3 a6 16. Nc2 Rad8 17. Ne3 Ne7 18. Bd2 Qh6 19. Nc2 Rf5 20. Ne1 Rg5 21. Qd1
Qxe6 22. Nf3 Rf5 23. Qb3 b5 24. Rae1 Qf6 25. a4 c6 26. axb5 axb5 27. Qd1 Rf8
28. Qe2 g5 29. Qe6+ Kg7 30. Qd7 Kf7 31. Rxe7+ Bxe7 32. Re1 Re8 33. Ne5+ Rxe5
34. Rxe5 Rd8 35. Qg4 Qg6 36. Bxf4 gxf4 37. Rxe7+ 1-0

[Event "V Festival A"]
[Site "Campobasso ITA"]
[Date "1998.09.13"]
[Round "5"]
[White "Capitelli, Paolo"]
[Black "Artizzu, Giulio"]
[Result "0-1"]
[WhiteElo "1842"]
[BlackElo "1729"]
[PlyCount "66"]
[EventDate "1998.09.11"]

1. e4 e5 2. Nf3 f5 3. Nxe5 Nc6 4. Qh5+ g6 5. Nxg6 Nf6 6. Qh3 hxg6 7. Qxh8 Qe7
8. Bd3 fxe4 9. Be2 Nd4 10. Bd1 d5 11. O-O Bf5 12. Qh4 O-O-O 13. d3 Bg7 14. Qg3
Rh8 15. c3 Ne6 16. d4 Nh5 17. Bxh5 Rxh5 18. Be3 Bf6 19. h3 Qh7 20. Na3 Ng5 21.
Rfc1 Nxh3+ 22. Kf1 Bh4 23. Qe5 Bg4 24. Qe8+ Bd8 25. gxh3 Rxh3 26. Ke1 Rxe3+ 27.
fxe3 Qh4+ 28. Kf1 Bh3+ 29. Ke2 Qg4+ 30. Kd2 Qg2+ 31. Ke1 Qg1+ 32. Kd2 Qf2+ 33.
Kd1 Bg4# 0-1

[Event "V Festival A"]
[Site "Campobasso ITA"]
[Date "1998.09.13"]
[Round "5"]
[White "Capuano, Eugenio"]
[Black "Lagumina, Giulio"]
[Result "1/2-1/2"]
[WhiteElo "2150"]
[BlackElo "2305"]
[PlyCount "55"]
[EventDate "1998.09.11"]

1. e4 e5 2. Nf3 d6 3. d4 exd4 4. Nxd4 g6 5. Nc3 Bg7 6. Be3 Nf6 7. Qd2 O-O 8.
O-O-O Re8 9. f3 Nc6 10. h4 Ne5 11. Bh6 Bh8 12. Bg5 a6 13. h5 b5 14. f4 Neg4 15.
hxg6 fxg6 16. Qe1 Qd7 17. e5 dxe5 18. fxe5 Rxe5 19. Qh4 Bb7 20. Nf3 Qe7 21.
Nxe5 Qxe5 22. Re1 Qc5 23. Bd3 Bxg2 24. Bxg6 Bxh1 25. Rxh1 Qf2 26. Bxh7+ Kf7 27.
Bxf6 Qe3+ 28. Kb1 1/2-1/2

[Event "V Festival A"]
[Site "Campobasso ITA"]
[Date "1998.09.13"]
[Round "5"]
[White "Castrogiovanni, Carlo"]
[Black "Goller, Savino"]
[Result "1-0"]
[WhiteElo "2045"]
[BlackElo "1705"]
[PlyCount "163"]
[EventDate "1998.09.11"]

1. Nf3 e6 2. c4 Nf6 3. Nc3 Bb4 4. Qc2 O-O 5. a3 Bxc3 6. Qxc3 c5 7. g3 Nc6 8.
Bg2 b6 9. d4 Bb7 10. dxc5 bxc5 11. O-O Qa5 12. Qd3 Nb4 13. Qb3 Nc6 14. Qxb7
Rab8 15. Bd2 Rxb7 16. Bxa5 Nxa5 17. b4 cxb4 18. Nd2 Rc7 19. axb4 Nxc4 20. Rfc1
Rfc8 21. Rxc4 Rxc4 22. Nxc4 Rxc4 23. Rxa7 Kf8 24. Ra8+ Ke7 25. Rb8 d5 26. Rb7+
Nd7 27. e3 Kd8 28. Bf1 Rc1 29. Kg2 Rc7 30. Rxc7 Kxc7 31. f4 Nb6 32. Kf3 Nc4 33.
Bd3 h5 34. Bc2 Kb6 35. Ba4 Nd6 36. Ke2 f6 37. Kd3 e5 38. Bb3 Kc6 39. Bd1 e4+
40. Kc3 h4 41. Ba4+ Kc7 42. Kd4 Nf5+ 43. Kxd5 Nxg3 44. Bd1 f5 45. Kd4 Nf1 46.
h3 Ng3 47. Bb3 Kd6 48. Bc4 Nh1 49. b5 Nf2 50. Bf1 g6 51. Kc3 Kc5 52. Kd2 Nh1
53. Ke1 Ng3 54. Bc4 Nh5 55. Bf7 Kxb5 56. Bxg6 Ng3 57. Kd2 Kb4 58. Bf7 Kc5 59.
Be6 Kd6 60. Bf7 Ke7 61. Bg6 Kf6 62. Be8 Nf1+ 63. Ke2 Nh2 64. Bh5 Kg7 65. Kf2
Kh6 66. Be2 Kg6 67. Kg2 Nf3 68. Bxf3 exf3+ 69. Kxf3 Kf6 70. e4 fxe4+ 71. Kxe4
Ke6 72. f5+ Kf6 73. Kf4 Kf7 74. Kg5 Kg7 75. Kxh4 Kf6 76. Kg4 Kf7 77. Kf3 Kg7
78. Ke4 Kf6 79. Kf4 Kf7 80. Ke5 Kg7 81. Ke6 Kf8 82. Kf6 1-0

[Event "V Festival A"]
[Site "Campobasso ITA"]
[Date "1998.09.13"]
[Round "5"]
[White "Ciolac, Gheorghe"]
[Black "Mrdja, Milan"]
[Result "1-0"]
[WhiteElo "2375"]
[BlackElo "2430"]
[PlyCount "63"]
[EventDate "1998.09.11"]

1. e4 c5 2. Ne2 e6 3. Nbc3 Nc6 4. g3 Nf6 5. Bg2 Be7 6. O-O a6 7. d4 cxd4 8.
Nxd4 Qc7 9. Be3 O-O 10. Qe2 d6 11. f4 Nxd4 12. Bxd4 e5 13. Be3 Be6 14. Nd5 Bxd5
15. exd5 exf4 16. Rxf4 Rac8 17. c3 Nd7 18. Bd4 Ne5 19. h4 Rce8 20. Raf1 Bd8 21.
Re4 f5 22. Re3 g6 23. b3 Bf6 24. Re1 Re7 25. Qd2 Rfe8 26. Kh1 b5 27. R3e2 Ng4
28. Rxe7 Rxe7 29. Re6 Bxd4 30. Qxd4 Kf7 31. Qh8 Ne5 32. Rf6# 1-0

[Event "V Festival A"]
[Site "Campobasso ITA"]
[Date "1998.09.13"]
[Round "5"]
[White "De Toma, Francesco"]
[Black "Scagliarini, Valentina"]
[Result "0-1"]
[WhiteElo "1740"]
[BlackElo "1762"]
[PlyCount "74"]
[EventDate "1998.09.11"]

1. e4 e6 2. d4 d5 3. e5 c5 4. Qg4 cxd4 5. Nf3 Nc6 6. Bd3 Nge7 7. O-O Nb4 8.
Bb5+ Bd7 9. Nxd4 Bxb5 10. Nxb5 Ng6 11. Nd6+ Bxd6 12. exd6 Qxd6 13. Bd2 Nxc2 14.
Na3 Nxa1 15. Rxa1 a5 16. Nb5 Qb6 17. a4 O-O 18. Be3 Qd8 19. Bc5 Ne7 20. b3 Qd7
21. Qg5 f6 22. Qg4 Rfc8 23. Bd4 Qc6 24. h4 e5 25. Re1 Re8 26. Be3 f5 27. Qh3
Rad8 28. Rc1 Qg6 29. Rc7 d4 30. Bd2 b6 31. Qd3 Qe6 32. Bg5 e4 33. Qb1 h6 34.
Bd2 Nd5 35. Rc4 e3 36. Nxd4 exf2+ 37. Kxf2 Qf6 0-1

[Event "V Festival A"]
[Site "Campobasso ITA"]
[Date "1998.09.13"]
[Round "5"]
[White "Dervishi, Erald"]
[Black "Safranska, Anda"]
[Result "1-0"]
[WhiteElo "2430"]
[BlackElo "2275"]
[PlyCount "91"]
[EventDate "1998.09.11"]

1. e4 d6 2. d4 Nf6 3. Nc3 g6 4. Nf3 Bg7 5. Be2 O-O 6. O-O c6 7. Re1 Qc7 8. a4
a5 9. h3 e5 10. Be3 Re8 11. Bc4 Be6 12. d5 cxd5 13. Bxd5 Nxd5 14. Nxd5 Bxd5 15.
Qxd5 Nc6 16. c3 Ne7 17. Qb3 Qc6 18. Rad1 h6 19. Nh2 Rf8 20. Qb5 Ra6 21. Re2 Qc7
22. Red2 f5 23. f3 Kh7 24. Nf1 Rc6 25. Rd3 Bf6 26. Qb3 Kg7 27. Bf2 f4 28. Nd2
Nc8 29. Nb1 Bd8 30. Na3 Qf7 31. Qxf7+ Kxf7 32. b3 Ke6 33. Nc4 Rf7 34. Rd5 Bc7
35. Kf1 b6 36. Ke2 Bb8 37. R1d3 Rb7 38. Rb5 Rxc4 39. bxc4 Ba7 40. c5 dxc5 41.
Bxc5 Rc7 42. Bf8 Rc4 43. Rd8 Bb8 44. Kd3 Rc6 45. Bxh6 Rd6+ 46. Rd5 1-0

[Event "V Festival A"]
[Site "Campobasso ITA"]
[Date "1998.09.13"]
[Round "5"]
[White "Ficco, Corrado"]
[Black "Lupo, Alfredo"]
[Result "1/2-1/2"]
[WhiteElo "2175"]
[BlackElo "2120"]
[PlyCount "61"]
[EventDate "1998.09.11"]

1. e4 e5 2. Nf3 Nc6 3. Bb5 a6 4. Ba4 Nf6 5. O-O Be7 6. Re1 b5 7. Bb3 O-O 8. d3
d6 9. c3 Na5 10. Bc2 c5 11. Nbd2 Re8 12. Nf1 Bf8 13. Ng3 g6 14. h3 Bg7 15. Be3
Bb7 16. Qd2 c4 17. d4 exd4 18. Bxd4 Nc6 19. Rad1 Nxd4 20. Nxd4 d5 21. e5 Ne4
22. Nxe4 dxe4 23. Bxe4 Bxe4 24. Rxe4 Rxe5 25. Rxe5 Bxe5 26. Nc6 Qxd2 27. Rxd2
Bf4 28. Re2 Kf8 29. g3 Bc1 30. Rc2 Bg5 31. Kf1 1/2-1/2

[Event "V Festival A"]
[Site "Campobasso ITA"]
[Date "1998.09.13"]
[Round "5"]
[White "Gagliardi, Pietro"]
[Black "Gardon, Ermanno"]
[Result "1-0"]
[WhiteElo "2205"]
[BlackElo "2110"]
[PlyCount "49"]
[EventDate "1998.09.11"]

1. e4 e6 2. d4 c5 3. Nf3 cxd4 4. Nxd4 Nf6 5. Nc3 Nc6 6. Ndb5 Bb4 7. a3 Bxc3+ 8.
Nxc3 d5 9. exd5 exd5 10. Bd3 O-O 11. O-O d4 12. Ne2 Qd5 13. Bf4 Bg4 14. h3 Bh5
15. Qd2 Ne5 16. Bxe5 Qxe5 17. Nxd4 Rfd8 18. c3 Nd5 19. f4 Qf6 20. Rae1 Qh4 21.
Be4 Bg6 22. f5 Bh5 23. Qf2 Qxf2+ 24. Rxf2 f6 25. Ne6 1-0

[Event "V Festival A"]
[Site "Campobasso ITA"]
[Date "1998.09.13"]
[Round "5"]
[White "Iatrino, Vincenzo"]
[Black "Di Lascio, Savino"]
[Result "0-1"]
[WhiteElo "1743"]
[BlackElo "1753"]
[PlyCount "146"]
[EventDate "1998.09.11"]

1. e4 c6 2. d4 d5 3. Nc3 dxe4 4. Nxe4 Nf6 5. Ng3 h5 6. h4 e5 7. Nf3 exd4 8.
Qxd4 Qxd4 9. Nxd4 Bc5 10. Nb3 Bd6 11. Bd3 Be6 12. Nf5 Bxf5 13. Bxf5 g6 14. Bd3
Nbd7 15. Bg5 O-O-O 16. O-O-O Rde8 17. Bxg6 fxg6 18. Rxd6 Ne4 19. Rxg6 Ne5 20.
Rh6 Rxh6 21. Bxh6 Nxf2 22. Rf1 Nfg4 23. Rf8 Rxf8 24. Bxf8 Ng6 25. Bc5 Nxh4 26.
g3 Nf5 27. Bxa7 Nxg3 28. Nd2 h4 29. Nf3 h3 30. Bc5 h2 31. Nxh2 Nxh2 32. Bd6
Nhf1 33. Be5 Ne4 34. Kd1 Nfg3 35. Ke1 Kd7 36. a4 Ke6 37. Bf4 Kd5 38. b3 Kd4 39.
Kd1 Nc3+ 40. Ke1 Nge4 41. Bc1 Nf6 42. Kd2 Nfd5 43. Bb2 b6 44. b4 Kc4 45. a5
bxa5 46. bxa5 Ne4+ 47. Ke2 Nc5 48. Ba3 Nc3+ 49. Ke3 Nb5 50. Bb2 Kb4 51. Bg7
Kxa5 52. Bf8 Kb4 53. Kd2 Kc4 54. Bg7 Nd4 55. Bf8 Nb5 56. Bg7 Na6 57. Bf6 Nb4
58. Bb2 Nd5 59. Ke2 Ndc3+ 60. Kd2 Kb4 61. Ba1 c5 62. Bb2 c4 63. Ba1 Na4 64. Be5
Nc5 65. Bg7 Ne4+ 66. Ke2 Nbc3+ 67. Ke1 Nc5 68. Bh8 Nb1 69. Bg7 Na4 70. Bf6 Nac3
71. Be7+ Ka4 72. Bf6 Nb5 73. Bg7 N5a3 0-1

[Event "V Festival A"]
[Site "Campobasso ITA"]
[Date "1998.09.13"]
[Round "5"]
[White "Lazarev, Vladimir"]
[Black "Naumkin, Igor"]
[Result "1/2-1/2"]
[WhiteElo "2450"]
[BlackElo "2475"]
[PlyCount "43"]
[EventDate "1998.09.11"]

1. d4 e6 2. c4 Nf6 3. Nc3 Bb4 4. Qc2 Nc6 5. Nf3 d5 6. Bg5 h6 7. Bxf6 Qxf6 8. a3
Bxc3+ 9. Qxc3 O-O 10. e3 Re8 11. Rc1 Bd7 12. cxd5 exd5 13. Be2 Bg4 14. O-O Qd6
15. b4 a6 16. Rfe1 Rac8 17. Nd2 Bxe2 18. Rxe2 Ne7 19. Nb3 c6 20. Rec2 Nf5 21.
Nc5 Qc7 22. Nd3 1/2-1/2

[Event "V Festival A"]
[Site "Campobasso ITA"]
[Date "1998.09.13"]
[Round "5"]
[White "Leveque, Sergio"]
[Black "Oppici, Gabriele"]
[Result "1/2-1/2"]
[WhiteElo "1711"]
[BlackElo "2085"]
[PlyCount "71"]
[EventDate "1998.09.11"]

1. e4 Nc6 2. Nf3 d6 3. Be2 Nf6 4. d3 g6 5. O-O Bg7 6. c3 O-O 7. Nbd2 e5 8. Re1
Re8 9. b3 a5 10. a3 Rb8 11. Bb2 b5 12. b4 Bd7 13. Bf1 h6 14. Qc2 Nh5 15. g3 f5
16. Nb3 a4 17. Nbd2 f4 18. c4 Ne7 19. d4 g5 20. dxe5 g4 21. Nh4 dxe5 22. cxb5
Bf6 23. Ng2 Ng6 24. Rac1 Rc8 25. Red1 Qe7 26. Qxa4 Ng7 27. Qa7 Ne6 28. Nc4 Ng5
29. Rc2 Nh3+ 30. Kh1 Bxb5 31. Na5 Red8 32. Rdc1 Bxf1 33. Rxf1 c5 34. Qxe7 Bxe7
35. b5 Rd3 36. Nc4 1/2-1/2

[Event "V Festival A"]
[Site "Campobasso ITA"]
[Date "1998.09.13"]
[Round "5"]
[White "Luigini, Ottavio"]
[Black "Fantazzini, Massimiliano"]
[Result "1-0"]
[WhiteElo "1804"]
[BlackElo "1642"]
[PlyCount "128"]
[EventDate "1998.09.11"]

1. e4 e6 2. d4 d5 3. exd5 exd5 4. Nf3 Nc6 5. c4 Bb4+ 6. Nc3 Qe7+ 7. Be2 Nf6 8.
O-O Be6 9. a3 Bxc3 10. bxc3 O-O 11. Re1 Qd7 12. cxd5 Nxd5 13. Bd3 Bg4 14. Bd2
Rfe8 15. Rxe8+ Rxe8 16. h3 Bh5 17. Bxh7+ Kxh7 18. Ng5+ Kg8 19. Qxh5 Nf6 20. Qf3
Na5 21. Qd3 Qd5 22. Rb1 Nc4 23. a4 a6 24. Bf4 c5 25. Nf3 Re4 26. Be3 cxd4 27.
cxd4 b5 28. axb5 axb5 29. Qb3 Nd6 30. Qb4 Re8 31. Ne5 Ra8 32. Qc5 Qa2 33. Rc1
Nfe4 34. Qc2 Qxc2 35. Rxc2 Ra1+ 36. Kh2 Rb1 37. f3 Nf6 38. Rc6 Nf5 39. Rc8+ Kh7
40. Bg1 Nd6 41. Rc6 Nfe8 42. Rb6 b4 43. d5 f6 44. Nd3 b3 45. Bc5 Nc4 46. Rb4
Nd2 47. d6 Nxd6 48. Bxd6 Rd1 49. Nb2 Nf1+ 50. Kg1 Rxd6 51. Kxf1 Rd2 52. Rxb3
Rc2 53. Nd3 Kg6 54. Rb2 Rc3 55. Ke2 Ra3 56. Ke3 Kf5 57. g4+ Kg5 58. Rb7 Kh6 59.
h4 Kg6 60. Ke4 Ra1 61. Nc5 Re1+ 62. Kf4 Kh6 63. g5+ fxg5+ 64. hxg5+ Kh7 1-0

[Event "V Festival A"]
[Site "Campobasso ITA"]
[Date "1998.09.13"]
[Round "5"]
[White "Marzano, Carlo"]
[Black "Zimina, Olga"]
[Result "0-1"]
[WhiteElo "2185"]
[BlackElo "2200"]
[PlyCount "60"]
[EventDate "1998.09.11"]

1. d4 Nf6 2. Nf3 c5 3. c3 Qa5 4. e3 d5 5. Bd3 Bg4 6. Nbd2 cxd4 7. exd4 e6 8.
O-O Bd6 9. Re1 O-O 10. Nf1 Nbd7 11. Bg5 b5 12. a3 Qb6 13. Qe2 Rab8 14. Qe3 a5
15. Ne5 Bh5 16. Bf4 Nxe5 17. dxe5 Bc5 18. Qh3 Bxf2+ 19. Kh1 Bg4 20. Bxh7+ Kh8
21. Qd3 Nxh7 22. Ne3 Bxe1 23. Nxg4 Bh4 24. Qh3 Be7 25. Rf1 b4 26. axb4 axb4 27.
Be3 Bc5 28. Bh6 gxh6 29. Qxh6 Qa6 30. Rd1 Qe2 0-1

[Event "V Festival A"]
[Site "Campobasso ITA"]
[Date "1998.09.13"]
[Round "5"]
[White "Maxia, Giuseppe"]
[Black "Tonelli, Claudio"]
[Result "1-0"]
[WhiteElo "1900"]
[BlackElo "1746"]
[PlyCount "117"]
[EventDate "1998.09.11"]

1. e4 c5 2. Nf3 e6 3. c3 a6 4. d4 Qc7 5. Bd3 Nc6 6. a3 b5 7. O-O Nf6 8. Re1 Be7
9. b4 c4 10. Bc2 a5 11. d5 Nd8 12. d6 Bxd6 13. e5 Be7 14. exf6 Bxf6 15. Nd4 Bb7
16. Nxb5 Qc6 17. Nd6+ Ke7 18. Nxb7 Nxb7 19. b5 Qc7 20. a4 Nc5 21. Ba3 Rac8 22.
Re4 Qb6 23. Rxc4 d5 24. Rxc5 Rxc5 25. Nd2 Ke8 26. Bxc5 Qxc5 27. Rb1 Bxc3 28.
Nb3 Qc4 29. Qd3 Qxd3 30. Bxd3 Kd7 31. b6 Rb8 32. b7 e5 33. Bf5+ Kd6 34. Bc8 g6
35. Kf1 f5 36. Ke2 d4 37. Kd3 Kd5 38. Nxa5 e4+ 39. Ke2 f4 40. Rb5+ Kd6 41. Nc4+
Kc7 42. Rc5+ Kd8 43. Rd5+ Kc7 44. a5 d3+ 45. Kd1 Kc6 46. Rd7 Kb5 47. Rc7 Bb4
48. Bd7+ Ka6 49. Bc6 Bc5 50. Rc8 Ba7 51. Bxe4 Kb5 52. Bxd3 Kb4 53. Be4 g5 54.
f3 h5 55. h3 Kb5 56. Kc2 Kb4 57. Kd3 Kb5 58. Bd5 Kb4 59. Ke4 1-0

[Event "V Festival A"]
[Site "Campobasso ITA"]
[Date "1998.09.13"]
[Round "5"]
[White "Monteleone, Antonio"]
[Black "Aleksieva, Silvia"]
[Result "1-0"]
[WhiteElo "2140"]
[BlackElo "2335"]
[PlyCount "91"]
[EventDate "1998.09.11"]

1. d4 Nf6 2. c4 c5 3. d5 b5 4. cxb5 a6 5. Nc3 g6 6. e4 d6 7. bxa6 Bg7 8. Bb5+
Bd7 9. Qe2 O-O 10. a4 Qa5 11. Ra3 Nxa6 12. h3 Nb4 13. Nf3 Rfb8 14. O-O Qd8 15.
Be3 Ne8 16. Rd1 Nc7 17. Bc4 Qe8 18. a5 Nb5 19. Nxb5 Bxb5 20. e5 Bxc4 21. Qxc4
Qb5 22. Qe4 Rxa5 23. Bg5 Bf8 24. exd6 exd6 25. Bf6 Ra4 26. Ng5 Re8 27. Qh4 h6
28. Bc3 Rxa3 29. bxa3 Qe2 30. Re1 Qxe1+ 31. Bxe1 Rxe1+ 32. Kh2 hxg5 33. Qc4
Nxd5 34. Qxd5 Re5 35. Qc6 d5 36. a4 d4 37. a5 Re6 38. Qb5 Rd6 39. a6 d3 40. a7
Rd8 41. Qb6 Ra8 42. Qb7 d2 43. Qxa8 d1=Q 44. Qe4 c4 45. a8=Q c3 46. Qb4 1-0

[Event "V Festival A"]
[Site "Campobasso ITA"]
[Date "1998.09.13"]
[Round "5"]
[White "Passerotti, Pierluigi"]
[Black "Rotstein, Arkadij"]
[Result "1/2-1/2"]
[WhiteElo "2305"]
[BlackElo "2515"]
[PlyCount "97"]
[EventDate "1998.09.11"]

1. d4 Nf6 2. Nf3 e6 3. e3 b6 4. Bd3 Bb7 5. Nbd2 c5 6. O-O Nc6 7. c3 Be7 8. Qe2
cxd4 9. exd4 O-O 10. Re1 Re8 11. Ne4 g6 12. Ne5 Nxe4 13. Bxe4 Qc7 14. Nxc6 Bxc6
15. Bxc6 Qxc6 16. Bf4 b5 17. Rac1 Rec8 18. h3 a5 19. Qd3 d5 20. Kf1 Qc4 21.
Qxc4 Rxc4 22. Ke2 b4 23. Kd3 bxc3 24. bxc3 Rac8 25. Re2 a4 26. Rec2 f6 27. Bg3
Bd8 28. Rb1 Ba5 29. Rb8 Rxb8 30. Bxb8 Kf7 31. Bd6 e5 32. dxe5 Ke6 33. Bb4 Bxb4
34. cxb4 Rxb4 35. exf6 Kxf6 36. Re2 h5 37. Re8 Rb2 38. a3 Ra2 39. Kd4 Rxa3 40.
Kxd5 Ra2 41. Rf8+ Kg7 42. Rf3 Rd2+ 43. Ke4 Re2+ 44. Kf4 a3 45. g4 a2 46. Ra3
Kh6 47. gxh5 Rxf2+ 48. Kg3 Rb2 49. Ra5 1/2-1/2

[Event "V Festival A"]
[Site "Campobasso ITA"]
[Date "1998.09.13"]
[Round "5"]
[White "Petruccioli, Antonio"]
[Black "Lemma, Vittorio"]
[Result "1/2-1/2"]
[WhiteElo "1992"]
[BlackElo "1702"]
[PlyCount "114"]
[EventDate "1998.09.11"]

1. e4 e6 2. d4 d5 3. e5 c5 4. c3 Nc6 5. Nf3 Nge7 6. Na3 cxd4 7. cxd4 Nf5 8. Nc2
f6 9. Bd3 fxe5 10. Bxf5 exf5 11. dxe5 Be7 12. O-O O-O 13. a3 Bc5 14. b4 Bb6 15.
Bg5 Qd7 16. Qd3 h6 17. Be3 Bxe3 18. Nxe3 Ne7 19. Rfd1 Re8 20. Rd2 f4 21. Nc2
Qf5 22. Qb5 Qd7 23. Qe2 Nf5 24. Rad1 Ne7 25. Ncd4 a6 26. Qd3 Qg4 27. Kf1 Bd7
28. Rc1 Nf5 29. Rc5 Nxd4 30. Nxd4 Rac8 31. Rdc2 Rxc5 32. Rxc5 Rc8 33. h3 Qh5
34. Rxc8+ Bxc8 35. Nf3 Qf7 36. a4 Bd7 37. b5 axb5 38. axb5 Qe6 39. Kg1 Be8 40.
Qa3 Qb6 41. Qb4 Qxb5 42. Qxf4 Qb1+ 43. Kh2 Qe4 44. Qc1 Bc6 45. Qc5 Qf4+ 46. Kg1
Qf8 47. Qxf8+ Kxf8 48. Nd4 Kf7 49. f4 Bd7 50. Kf2 b5 51. Ke3 g6 52. g4 b4 53.
Kd2 h5 54. f5 gxf5 55. gxf5 Bxf5 56. Nxf5 Ke6 57. Ng3 Kxe5 1/2-1/2

[Event "V Festival A"]
[Site "Campobasso ITA"]
[Date "1998.09.13"]
[Round "5"]
[White "Pilla, Giuseppe"]
[Black "De Vita, Gianni"]
[Result "0-1"]
[WhiteElo "1923"]
[BlackElo "2130"]
[PlyCount "38"]
[EventDate "1998.09.11"]

1. e4 c5 2. Nf3 Nc6 3. d4 cxd4 4. Nxd4 Nf6 5. Nc3 e5 6. Ndb5 d6 7. Nd5 Nxd5 8.
exd5 Ne7 9. c3 Nf5 10. a4 a6 11. Na3 Be7 12. Be2 O-O 13. Qb3 Bg5 14. O-O Bxc1
15. Rfxc1 Nh4 16. Nc4 Qf6 17. Qb4 Rd8 18. Nb6 Bf5 19. Nxa8 Rxa8 0-1

[Event "V Festival A"]
[Site "Campobasso ITA"]
[Date "1998.09.13"]
[Round "5"]
[White "Pizzuto, Samuele Tullio"]
[Black "Pecorari, Marcello"]
[Result "1-0"]
[WhiteElo "2090"]
[BlackElo "1788"]
[PlyCount "49"]
[EventDate "1998.09.11"]

1. e4 c6 2. d4 d5 3. e5 Bf5 4. h4 h6 5. g4 Bh7 6. e6 fxe6 7. Bd3 Bxd3 8. Qxd3
Kf7 9. Nf3 Nd7 10. g5 e5 11. Qf5+ Ngf6 12. dxe5 e6 13. g6+ Ke7 14. exf6+ gxf6
15. Qg4 Bg7 16. Qb4+ c5 17. Qa3 h5 18. Nc3 Qe8 19. Rg1 b6 20. Bd2 Nf8 21. O-O-O
Nxg6 22. Nxd5+ exd5 23. Rde1+ Ne5 24. Rxg7+ Kf8 25. Rxa7 1-0

[Event "V Festival A"]
[Site "Campobasso ITA"]
[Date "1998.09.13"]
[Round "5"]
[White "Simeoni, Matteo"]
[Black "Quimi, Marco"]
[Result "0-1"]
[WhiteElo "2035"]
[BlackElo "2250"]
[PlyCount "83"]
[EventDate "1998.09.11"]

1. e4 Nf6 2. Nc3 e5 3. Nf3 Bb4 4. Nd5 Nxd5 5. exd5 O-O 6. c3 Ba5 7. Be2 d6 8.
O-O e4 9. Nd4 Bb6 10. Nb3 Nd7 11. d4 f5 12. Qc2 a5 13. a4 Qf6 14. Rd1 Qg6 15.
Bf4 Qf6 16. c4 Qe7 17. Rac1 g5 18. Bd2 f4 19. c5 Ba7 20. Bxa5 Nf6 21. cxd6 cxd6
22. Qc7 Qe8 23. Qxd6 f3 24. gxf3 e3 25. Rf1 Bh3 26. Qg3 Bxf1 27. Qxg5+ Kh8 28.
Kxf1 Rc8 29. Bc3 exf2 30. Nc5 Qf7 31. Kxf2 Rce8 32. Bc4 Ne4+ 33. Nxe4 Qxf3+ 34.
Kg1 Rxe4 35. d6 Rg4+ 36. Qxg4 Qxg4+ 37. Kh1 Qe4+ 38. Kg1 Qe3+ 39. Kh1 Qxc1+ 40.
Kg2 Qc2+ 41. Kh1 Qe4+ 42. Kg1 0-1

[Event "V Festival A"]
[Site "Campobasso ITA"]
[Date "1998.09.13"]
[Round "5"]
[White "Voiska, Margarita"]
[Black "De Bortoli, Peter"]
[Result "0-1"]
[WhiteElo "2350"]
[BlackElo "2215"]
[PlyCount "100"]
[EventDate "1998.09.11"]

1. c4 e6 2. Nf3 Nf6 3. g3 Be7 4. Bg2 O-O 5. O-O c6 6. b3 d5 7. Bb2 Nbd7 8. d3
b5 9. Nbd2 Bb7 10. Qc2 Rc8 11. Rad1 Qc7 12. e4 Rfd8 13. e5 Ne8 14. h4 h5 15.
Rfe1 g6 16. Nf1 Ng7 17. Bc1 bxc4 18. dxc4 dxc4 19. bxc4 c5 20. N1d2 Nf5 21. Bb2
Nb8 22. Ne4 Nc6 23. Nd6 Bxd6 24. exd6 Rxd6 25. Rxd6 Qxd6 26. Rd1 Nfd4 27. Nxd4
cxd4 28. Qd2 e5 29. Qg5 Kg7 30. Bc1 Rh8 31. Qd2 f6 32. Bd5 Bc8 33. f4 Ne7 34.
fxe5 Qxe5 35. Qf2 Nf5 36. Bf4 Qe7 37. Re1 Qc5 38. Rb1 Ba6 39. Kh2 Re8 40. Rb8
Rxb8 41. Bxb8 Bxc4 42. Bxc4 Qxc4 43. Bxa7 d3 44. Be3 Qc2 45. Qxc2 dxc2 46. Bc1
Nd4 47. a4 Nb3 48. Be3 Kf7 49. Kg2 Ke6 50. Kf3 Kd5 0-1